00369nam a2200121Ia 4500008004100000245003400041260000900075300002700084440002400111650002100135999001900156952007200175180117s9999 xx 000 0 und d aThis Week in Arts and Culture c2017 a6-8 pages, 2017 May 28 aPhilippine Panorama aARTS AND CULTURE c353482d353482 001040aCLbCLd2018-01-17l0r2018-01-17 00:00:00w2018-01-17ySE